<?xml version="1.0" encoding="UTF-8"?>
<record
    xmlns:xsi="http://www.w3.org/2001/XMLSchema-instance"
    xsi:schemaLocation="http://www.loc.gov/MARC21/slim http://www.loc.gov/standards/marcxml/schema/MARC21slim.xsd"
    xmlns="http://www.loc.gov/MARC21/slim">

  <leader>01252nam a2200217Ia 4500</leader>
  <datafield tag="020" ind1=" " ind2=" ">
    <subfield code="a">9250052855</subfield>
  </datafield>
  <datafield tag="040" ind1=" " ind2=" ">
    <subfield code="c">OSU</subfield>
  </datafield>
  <datafield tag="082" ind1=" " ind2=" ">
    <subfield code="a">639 FOO 2005 A052 Or.</subfield>
  </datafield>
  <datafield tag="110" ind1="2" ind2=" ">
    <subfield code="a">Network of Aquaculture Centres in Central-Eastern Europe.</subfield>
  </datafield>
  <datafield tag="245" ind1="1" ind2="0">
    <subfield code="a">Report of the first meeting of directors of the Network of Aquaculture Centres in Central-Eastern Europe (NACEE) :</subfield>
    <subfield code="b">Szarvas, Republic of Hungary, 21-24 November 2004 = Pervogo soveshchanii&#xFFFD;&#xFFFD;&#xFFFD;a&#xFFFD;&#xFFFD;&#xFFFD; direktorov Seti T&#xFFFD;&#xFFFD;&#xFFFD;S&#xFFFD;&#xFFFD;&#xFFFD;entrov po Akvakul&#xFFFD;&#xFFFD;ture v T&#xFFFD;&#xFFFD;&#xFFFD;S&#xFFFD;&#xFFFD;&#xFFFD;entral&#xFFFD;&#xFFFD;no-Vostochno&#xFFFD;&#xFFFD; Evrope (NACEE) : Sarvash, Vengrii&#xFFFD;&#xFFFD;&#xFFFD;a&#xFFFD;&#xFFFD;&#xFFFD;, 21-24 noii&#xFFFD;&#xFFFD;&#xFFFD;a&#xFFFD;&#xFFFD;&#xFFFD;bri&#xFFFD;&#xFFFD;&#xFFFD;a&#xFFFD;&#xFFFD;&#xFFFD; 2004 g</subfield>
  </datafield>
  <datafield tag="246" ind1="3" ind2="1">
    <subfield code="a">Pervogo soveshchanii&#xFFFD;&#xFFFD;&#xFFFD;a&#xFFFD;&#xFFFD;&#xFFFD; direktorov Seti T&#xFFFD;&#xFFFD;&#xFFFD;S&#xFFFD;&#xFFFD;&#xFFFD;entrov po Akvakul&#xFFFD;&#xFFFD;ture v T&#xFFFD;&#xFFFD;&#xFFFD;S&#xFFFD;&#xFFFD;&#xFFFD;entral&#xFFFD;&#xFFFD;no-Vostochno&#xFFFD;&#xFFFD; Evrope</subfield>
  </datafield>
  <datafield tag="260" ind1=" " ind2=" ">
    <subfield code="a">Rome :</subfield>
    <subfield code="b">Food and Agriculture Organization of the United Nations,</subfield>
    <subfield code="c">c2005</subfield>
  </datafield>
  <datafield tag="300" ind1=" " ind2=" ">
    <subfield code="a">vi, 195 p. ;</subfield>
    <subfield code="c">30 cm</subfield>
  </datafield>
  <datafield tag="490" ind1="1" ind2=" ">
    <subfield code="a">FAO Fisheries Report</subfield>
    <subfield code="a">Doklad FAO po rybolovstvu ;</subfield>
  </datafield>
  <datafield tag="500" ind1=" " ind2=" ">
    <subfield code="a">"FIRI/R774 (Bi)."</subfield>
  </datafield>
  <datafield tag="650" ind1=" " ind2="0">
    <subfield code="a">Aquaculture</subfield>
  </datafield>
  <datafield tag="650" ind1=" " ind2="0">
    <subfield code="a">Fisheries</subfield>
  </datafield>
  <datafield tag="650" ind1=" " ind2="0">
    <subfield code="a">Fishery management</subfield>
  </datafield>
  <datafield tag="710" ind1="2" ind2=" ">
    <subfield code="a">Food and Agriculture Organization of the United Nations</subfield>
  </datafield>
  <datafield tag="942" ind1=" " ind2=" ">
    <subfield code="c">EK</subfield>
  </datafield>
  <datafield tag="999" ind1=" " ind2=" ">
    <subfield code="c">14507</subfield>
    <subfield code="d">14507</subfield>
  </datafield>
  <datafield tag="952" ind1=" " ind2=" ">
    <subfield code="0">0</subfield>
    <subfield code="1">0</subfield>
    <subfield code="4">0</subfield>
    <subfield code="6">639_000000000000000_FOO_2005_A052_OR</subfield>
    <subfield code="7">0</subfield>
    <subfield code="9">66761</subfield>
    <subfield code="a">LBA</subfield>
    <subfield code="b">LBA</subfield>
    <subfield code="c">A052</subfield>
    <subfield code="d">2017-10-18</subfield>
    <subfield code="o">639 FOO 2005 A052 Or.</subfield>
    <subfield code="p">A21725</subfield>
    <subfield code="r">2017-10-18</subfield>
    <subfield code="w">2017-10-18</subfield>
    <subfield code="y">EK</subfield>
  </datafield>
</record>
